|
|
|
|
| LEADER |
00000nam a22000007a 4500 |
| 005 |
20130402182905.0 |
| 007 |
cr|||| |||| |
| 008 |
130402e2011 mx |||||s|||| 00||0 spa d |
| 020 |
|
|
|a 978-607-406-279-3
|
| 035 |
|
|
|a 10958
|
| 040 |
|
|
|a vLex
|
| 090 |
|
|
|c 4101
|d 4101
|
| 100 |
1 |
0 |
|a Sǹchez Miranda, Arnulfo
|
| 245 |
1 |
0 |
|a Aplicacin̤ prc̀tica del ISR y el IETU
|b Personas Fs̕icas
|c / Arnulfo Sǹchez Miranda
|h [Recurso electrn̤ico]
|
| 256 |
|
|
|a Servicio en ln̕ea
|
| 260 |
|
|
|a Mx̌ico D.F. :
|b Ediciones Fiscales ISEF,
|c 2011
|
| 300 |
|
|
|a 1 Recurso electrn̤ico
|
| 506 |
|
|
|a Contenido solo disponible en los productos indicados
|d vLex Global
|d vLex Global (Academic Edition, excluding Law Schools)
|d vLex Global (U.S. Academic Edition, Law Schools)
|d vLex Global (U.S. Academic Edition, excluding Law Schools)
|d vLex Global (Academic Edition, Law Schools)
|
| 650 |
0 |
4 |
|a Derecho tributario
|z Mx̌ico
|
| 740 |
|
|
|a vLex Libros (Servicio en ln̕ea)
|
| 856 |
|
|
|a Acceso restringido
|u http://www.vlex.com/source/10958
|
| 942 |
|
|
|c BOOK
|
| 999 |
|
0 |
|a Taxation
|